00472nam a22001697a 4500003000400000005001700004008004100021020001600062024001600078040001600094082002000110100002400130245004200154260006700196300001800263440002100281OSt20180116183032.0151222b xxu||||| |||| 00| 0 eng d a05-280-90-1 205-280-90-1 cLahore LUMS a 174.4 LUM 1990 aZafar Iqbal Qurashi aTHE SAAD DILEMMAcZafar Iqbal Qurashi aLahore LUMS b Lahore University of Management Sciences c1990 a 6 p.bPapers aTHE SAAD DILEMMA